000 00826nam a22002777a 4500
003 CHAP
005 20220817041756.0
008 971013s1982 r 00010 d
010 _a24083
011 _a25055
035 _a29155
040 _cCHAP
082 _a631.542
_bB74Y
100 0 0 _aBretaudeau, Jean.
_915248
245 _aCreación de formas frutales
260 _aMadrid :
_bMindi-Prensa,
_c1982
300 _a91 p.
_b: ilus.
590 _aBATCH-UPD
_b10
_c20130110
_lUCH01
_h1123
590 _aCONVERSION
_b10
_c20130109
_lUCH01
_h1314
650 1 4 _aArboles frutales.
650 1 4 _aPoda.
_989467
901 _aBK
942 _cLIBRO
949 _a631.542 B74Y
_bBC
_cLIBRO
_d33724000161576
_eLIBRO
_gI. c/e
_h68623
_i29155
_si
949 _a631.542 B74Y
_bBC
_cLIBRO
_d33724000161584
_eLIBRO
_fc.2
_gI. c/e
_h68624
_i29155
_si
999 _c24083
_d24083